| 000 | 00505nam a22001697a 4500 | ||
|---|---|---|---|
| 003 | MPLRDC | ||
| 005 | 20220104164618.0 | ||
| 008 | 210129b ||||| |||| 00| 0 eng d | ||
| 082 | _a752.1 BRO 1948 | ||
| 100 | _aFRANCIS J. BROWN AND JOSEPH SLABEY ROUCEK | ||
| 245 |
_aONE AMERICA: THE HISTORY, CONTRIBUTIONS, AND PRESENT PROBLEMS OF OUR RACIAL AND NATIONAL MINORITIES _c |
||
| 250 | _a第五版 | ||
| 260 |
_a _bPRENTICE-HALL, INC. _c1948 |
||
| 300 | _b精 | ||
| 650 | _a | ||
| 942 |
_cBK _o752.1 BRO 1948 |
||
| 999 |
_c57058 _d57048 |
||